000 01067cam a2200325 i 4500
001 000008815
003 DO-SdBNP
005 20260309073552.0
007 ta
008 810210s1984 sp b 000 j spa
020 _a8437602351
040 _aDO-SdBNP
_bspa
_cBNPHU
_erda
041 _aspa
082 4 _aA863.4
_bB732n 1984
_222
100 1 _aBorges, Jorge Luis,
_d1899-1986
_eautor
_q(Jorge Francisco Isidoro Luis Borges)
_4aut.
_94173
245 1 0 _aNarraciones /
_cJorge Luis Borges ; edición de, Marcos Ricardo Barnatán.
250 _acuarta edición
264 1 _aMadrid :
_bCátedra,
_c1984.
300 _a251 páginas ;
_c19 cm.
336 _atexto
_btxt
_2rdacontent
337 _asin mediación
_bn
_2rdamedia
338 _avolumen
_bnc
_2rdacarrier
490 1 _aLetras hispánicas
504 _aBibliografías : páginas 61-65.
650 4 _aCuentos argentinos
_93752
650 4 _aLiteratura argentina
_ySiglo XX
_914711
700 1 _aBarnatán, Marcos Ricardo,
_d1946-
_eeditor
_4ed.
_923361
910 _aCatalogación derivada
942 _2ddc
_cLBS1
999 _c8584
_d8584